<?xml version="1.0" encoding="UTF-8"?>
<record
    xmlns:xsi="http://www.w3.org/2001/XMLSchema-instance"
    xsi:schemaLocation="http://www.loc.gov/MARC21/slim http://www.loc.gov/standards/marcxml/schema/MARC21slim.xsd"
    xmlns="http://www.loc.gov/MARC21/slim">

  <leader>02168nam a2200457 u 4500</leader>
  <controlfield tag="001">1181982</controlfield>
  <controlfield tag="005">20260507135059.0</controlfield>
  <controlfield tag="007">co|||||||</controlfield>
  <controlfield tag="008">091201s2009                        spa  </controlfield>
  <datafield tag="035" ind1=" " ind2=" ">
    <subfield code="a">1181982</subfield>
  </datafield>
  <datafield tag="040" ind1=" " ind2=" ">
    <subfield code="c">comduadb</subfield>
  </datafield>
  <datafield tag="041" ind1=" " ind2=" ">
    <subfield code="a">spa</subfield>
  </datafield>
  <datafield tag="080" ind1=" " ind2=" ">
    <subfield code="a">JE</subfield>
  </datafield>
  <datafield tag="082" ind1=" " ind2="4">
    <subfield code="a">372</subfield>
  </datafield>
  <datafield tag="100" ind1="1" ind2="0">
    <subfield code="a">Florez Jimenez, Victor Nicolas</subfield>
    <subfield code="4">aut</subfield>
    <subfield code="e">aut</subfield>
    <subfield code="9">431364</subfield>
  </datafield>
  <datafield tag="245" ind1="1" ind2="0">
    <subfield code="a">Aprender a ense&#xF1;ar ciencias vinculando el museo como recurso did&#xE1;ctico para la ense&#xF1;anza del sistema circulatorio humano : un estudio de caso</subfield>
  </datafield>
  <datafield tag="260" ind1=" " ind2=" ">
    <subfield code="a">Medell&#xED;n :</subfield>
    <subfield code="b">[sin publicador],</subfield>
    <subfield code="c">2009.</subfield>
  </datafield>
  <datafield tag="300" ind1=" " ind2=" ">
    <subfield code="a">1 CD-ROM</subfield>
  </datafield>
  <datafield tag="520" ind1="3" ind2=" ">
    <subfield code="a">Este estudio de car&#xE1;cter cualitativo-interpretativo, se centra en las acciones de una profesora que aprende a ense&#xF1;ar ciencias naturales cuando vincula el museo como recurso novedoso en su ense&#xF1;anza, desde una perspectiva te&#xF3;rica donde la metacognici&#xF3;n es condici&#xF3;n para que se d&#xE9; el cambio conceptual, es decir, analizar c&#xF3;mo la profesora modifica el estatus de sus ideas, sobre la ense&#xF1;anza de un contenido, en este caso, el sistema circulatorio y el uso del Museo de Morfolog&#xED;a. </subfield>
  </datafield>
  <datafield tag="650" ind1=" " ind2=" ">
    <subfield code="a">Formaci&#xF3;n de docentes</subfield>
    <subfield code="9">175860</subfield>
  </datafield>
  <datafield tag="650" ind1=" " ind2="7">
    <subfield code="a">Ciencias naturales</subfield>
    <subfield code="x">Ense&#xF1;anza</subfield>
    <subfield code="2">lemb</subfield>
    <subfield code="9">162390</subfield>
  </datafield>
  <datafield tag="650" ind1=" " ind2=" ">
    <subfield code="a">Museos y educaci&#xF3;n</subfield>
    <subfield code="9">170631</subfield>
  </datafield>
  <datafield tag="650" ind1=" " ind2="7">
    <subfield code="a">Sistema cardiovascular</subfield>
    <subfield code="2">dcs</subfield>
    <subfield code="9">19160</subfield>
  </datafield>
  <datafield tag="650" ind1=" " ind2=" ">
    <subfield code="a">Metacognici&#xF3;n</subfield>
    <subfield code="9">22582</subfield>
  </datafield>
  <datafield tag="650" ind1=" " ind2=" ">
    <subfield code="a">Did&#xE1;ctica de las ciencias naturales</subfield>
    <subfield code="9">1632</subfield>
  </datafield>
  <datafield tag="650" ind1=" " ind2=" ">
    <subfield code="a">Procesos de aprendizaje</subfield>
    <subfield code="9">9736</subfield>
  </datafield>
  <datafield tag="650" ind1=" " ind2=" ">
    <subfield code="a">Museo de ciencias</subfield>
    <subfield code="9">27896</subfield>
  </datafield>
  <datafield tag="650" ind1=" " ind2=" ">
    <subfield code="a">Conocimiento pedag&#xF3;gico</subfield>
    <subfield code="9">140563</subfield>
  </datafield>
  <datafield tag="650" ind1=" " ind2=" ">
    <subfield code="a">Aprendizaje de las ciencias</subfield>
    <subfield code="9">168379</subfield>
  </datafield>
  <datafield tag="650" ind1=" " ind2=" ">
    <subfield code="a">Cambio conceptual</subfield>
    <subfield code="9">41525</subfield>
  </datafield>
  <datafield tag="650" ind1=" " ind2=" ">
    <subfield code="a">Educaci&#xF3;n continuada</subfield>
    <subfield code="9">39163</subfield>
  </datafield>
  <datafield tag="650" ind1=" " ind2=" ">
    <subfield code="a">Evaluaci&#xF3;n del aprendizaje</subfield>
    <subfield code="9">30007</subfield>
  </datafield>
  <datafield tag="650" ind1=" " ind2=" ">
    <subfield code="a">Maestr&#xED;a en educaci&#xF3;n</subfield>
    <subfield code="9">181090</subfield>
  </datafield>
  <datafield tag="650" ind1=" " ind2="7">
    <subfield code="a">Materiales de ense&#xF1;anza</subfield>
    <subfield code="2">lemb</subfield>
    <subfield code="9">860071</subfield>
  </datafield>
  <datafield tag="700" ind1="1" ind2="0">
    <subfield code="a">Moreno Aldana, Jairo Elias</subfield>
    <subfield code="4">aut</subfield>
    <subfield code="e">aut</subfield>
    <subfield code="9">542762</subfield>
  </datafield>
  <datafield tag="700" ind1=" " ind2="0">
    <subfield code="a">Angulo Delgado, Fanny</subfield>
    <subfield code="c">Doctora en Ense&#xF1;anza de las Ciencias Experimentales, Sociales y Matem&#xE1;ticas</subfield>
    <subfield code="4">ths</subfield>
    <subfield code="e">ths</subfield>
    <subfield code="9">512645</subfield>
  </datafield>
  <datafield tag="856" ind1="4" ind2=" ">
    <subfield code="u">https://bibliotecadigital.udea.edu.co/handle/10495/677</subfield>
  </datafield>
  <datafield tag="942" ind1=" " ind2=" ">
    <subfield code="c">TESIS</subfield>
  </datafield>
  <datafield tag="999" ind1=" " ind2=" ">
    <subfield code="c">537055</subfield>
    <subfield code="d">537055</subfield>
  </datafield>
  <datafield tag="502" ind1=" " ind2=" ">
    <subfield code="b">153</subfield>
    <subfield code="c">15</subfield>
  </datafield>
  <datafield tag="526" ind1=" " ind2=" ">
    <subfield code="a">155</subfield>
  </datafield>
  <datafield tag="952" ind1=" " ind2=" ">
    <subfield code="0">0</subfield>
    <subfield code="1">0</subfield>
    <subfield code="4">0</subfield>
    <subfield code="7">0</subfield>
    <subfield code="8">TESDIGBC</subfield>
    <subfield code="a">BC</subfield>
    <subfield code="b">BC</subfield>
    <subfield code="d">2009-12-02</subfield>
    <subfield code="e">Material adquirido por donaci&#xF3;n</subfield>
    <subfield code="i">C1075094</subfield>
    <subfield code="l">0</subfield>
    <subfield code="o">372.357 F634 CD-ROM</subfield>
    <subfield code="p">0744250</subfield>
    <subfield code="r">2023-04-29 00:00:00</subfield>
    <subfield code="t">1</subfield>
    <subfield code="w">2023-04-29</subfield>
    <subfield code="y">DIGITAL</subfield>
  </datafield>
  <datafield tag="952" ind1=" " ind2=" ">
    <subfield code="0">0</subfield>
    <subfield code="1">0</subfield>
    <subfield code="4">0</subfield>
    <subfield code="7">0</subfield>
    <subfield code="8">DIGITAL</subfield>
    <subfield code="a">CEDED</subfield>
    <subfield code="b">CEDED</subfield>
    <subfield code="d">2009-12-03</subfield>
    <subfield code="i">C1075317</subfield>
    <subfield code="l">0</subfield>
    <subfield code="o">JE/0603</subfield>
    <subfield code="p">0597477</subfield>
    <subfield code="r">2023-04-29 00:00:00</subfield>
    <subfield code="t">1</subfield>
    <subfield code="w">2023-04-29</subfield>
    <subfield code="y">DIGITAL</subfield>
  </datafield>
</record>
